Ampliación y mejoramiento de la red de instalaciones de manejo de granos: Regionalización
Gespeichert in:
| Körperschaft: | |
|---|---|
| Format: | Text |
| Veröffentlicht: |
San José:
CNP
|
| Tags: |
Tag hinzufügen
Keine Tags, Fügen Sie den ersten Tag hinzu!
|
MARC
| LEADER | 00000 a a2200000 04500 | ||
|---|---|---|---|
| 001 | 16481 | ||
| 003 | |||
| 040 | |||
| 090 | |a 012000 | ||
| 110 | |a Consejo Nacional de Producción. Departamento de Planificación y Programación | ||
| 245 | |a Ampliación y mejoramiento de la red de instalaciones de manejo de granos: Regionalización | ||
| 260 | |a San José: |b CNP | ||
| 300 | |a s.p | ||
| 999 | |c 17097 |d 17097 | ||
